Nízke Tatry - Vyšná Boca

Bibliographic Details
Format: Postcard
Language:Slovak
PhysicalDescription:1 pohľadnica čiernobiela 9x14 cm
Published: [Bratislava] SVPL [s.a.]
Subjects:

MARC

LEADER 00000nkm a2200000 a 4500
001 vtls010694674
003 SK-MaSNL
005 20260512125107.0
007 kp bo
008 231206n xo g 00 kuslo
015 |a SNBG 
035 |a D1D0BA6E-9006-43C5-895C-D1E5D8F8CB6B 
035 |a urn:nbn:sk:snk-kmxyzu 
035 |a urn:nbn:sk:snk-km004xut 
040 |a SNK  |b slo  |c SNK  |e AACR2 
041 0 |a slo 
043 |a e-xo--- 
044 |a xo  |c SK 
080 |a 908(437.6)  |2 2001 
080 |a (084.121)  |2 2001 
080 |a (234.372.4)  |2 2001 
245 0 0 |a Nízke Tatry - Vyšná Boca  |h grafika 
260 |a [Bratislava]  |b SVPL  |c [s.a.] 
300 |a 1 pohľadnica  |b čiernobiela  |c 9x14 cm 
651 7 |a Vyšná Boca (Slovensko)  |2 SNKPH  |9 74367 
651 7 |a Nízke Tatry (Slovensko : pohorie)  |2 SNKPH  |9 173011 
655 7 |a miestne pohľadnice  |2 SNKPH  |9 70510 
852 |a Slovenská národná knižnica 
958 |a GC 
958 |a GBN 
958 |a OND 
999 |c 1014490  |d 1016420 
952 |a SNK  |b SNK  |y PREZ  |7 0  |p 17A0700977  |o snkSP 2223/a  |0 0  |1 0  |4 0  |d 2015-07-23  |f 1  |l 0  |r 2026-02-24 13:04:32  |w 2026-02-24